00502 2200193 4500001002100000005001700021006001900038008004100057020002200098035002500120041000700145082001000152090001600162100001300178245003300191260004200224650002400266990001800290INLIS00000000000418920140317094053.0a ||| | 180719| ||| | id  a978-979-22-2527-3 a0010-031300000004189 aid0 a641.2 a641.2 IND m0 aIndriani00aMinuman Jus favorit ala cafe aJakartabGramedia pustaka utamac2007 0ajus -- minuman buah a11227/PN/2013